000 00420nam a2200157Ia 4500
003 OSt
005 20260303161131.0
008 211028s2005 xx 000 0 und d
040 _cAIMIT LIBRARY
041 _aeng
100 _aAcharya,B Ramnatha;Pilar, Bharathi.
_g299765
_92452
110 _aPilar, Bharathi.
_92453
245 _aMondera Japan e- commerce platform /
260 _aBangalore
_c2005
942 _2ddc
_cPRO
999 _c216902
_d216902